| 000 | 00351 a2200157 4500 | ||
|---|---|---|---|
| 001 | 71731 | ||
| 020 | _a853390701X | ||
| 040 | _cAnchieta - Colégio São Paulo | ||
| 100 | _aWyss, Johann | ||
| 240 | 1 | 0 |
_aOs Robinsons Suíços _lpor |
| 245 | 1 | 0 | _aOs Robinsons Suíços |
| 300 | _a32 | ||
| 362 | 0 | _a2004 | |
| 650 | 4 | _aLiteratura juvenil | |
| 942 | _cBK | ||
| 999 |
_c71731 _d71731 |
||